| 000 | 00686nam a22001457a 4500 | ||
|---|---|---|---|
| 005 | 20250301151834.0 | ||
| 010 | _a25BACHN25 | ||
| 020 |
_a9789392732942 _c495.00 |
||
| 037 | _bट्रांस ग्लोबल पब्लिशिंग कं. | ||
| 100 |
_aशर्मा, पवित्र कुमार _979031 |
||
| 245 |
_aइंटरव्यू में सफल कैसे हो ? / _cपवित्र कुमार शर्मा |
||
| 260 |
_aनई दिल्ली _bट्रांस ग्लोबल पब्लिशिंग कं. _c2024 |
||
| 300 |
_a167पृ. _c23सेमी (सजिल्द) |
||
| 942 |
_2ddc _cEN _mशर्माप |
||
| 999 |
_c209928 _d209928 |
||